Footballer Passports #4 - Statistics

General Stats
  • This quiz has been taken 208 times
  • The average score is 13 of 20
Answer Stats
Hint Answer % Correct
Erling Haaland
95%
Virgil van Dijk
90%
Alan Shearer
86%
Wayne Rooney
86%
Kevin De Bruyne
85%
Kaká
80%
Sergio Ramos
80%
Jadon Sancho
79%
Jamie Vardy
78%
Alexis Sánchez
74%
Michael Owen
69%
Rio Ferdinand
67%
Edin Džeko
65%
Edwin van der Sar
61%
Raúl
56%
Fabio Cannavaro
49%
Victor Valdés
44%
Claude Makélélé
36%
Dwight Yorke
32%
Glenn Hoddle
16%
No matching quizzes found
Score Distribution
Percent of People with Each Score
Percentile by Number Answered
Your Score History
You have not taken this quiz